| 000 | 00000nam##2200000za#4500 |
| 001 | 9.570277 |
| 003 | CaOODSP |
| 005 | 20210624182150 |
| 007 | cr ||||||||||| |
| 008 | 150406|2007||||xxc|||||o f|0| 0 eng|d |
| 040 | |aCaOODSP|beng |
| 043 | |an-cn--- |
| 086 | 1 |aNM95-57/12-1-2007E-PDF |
| 110 | 1 |aCanada.|bCanadian Heritage. |bCanadian Conservation Institute. |
| 245 | 10|aCare of argilite / |h[electronic resource]|cby Thomas Stone, Robert L. Barclay, and Ian N.M. Wainwright. |
| 250 | |aRev. |
| 260 | |aOttawa - Ontario : |bCanadian Heritage. |cc2007. |
| 300 | |a2p. |
| 490 | 1 |aCCI Notes|v12/1 |
| 500 | |a"Originally published 1990. Revised 1992, 2007"--p.2 of 2. The catalogue number (NM95-57/12-1-2007E) and ISSN (0714-6221) for the print edition have been incorrectly copied in this electronic publication. |
| 504 | |aBibliography. |
| 590 | |a11-22-Supp|b2011-10-13 |
| 720 | 1 |aBarclay, Robert L. |
| 720 | 1 |aStone, Thomas |
| 720 | 1 |aWainwright, Ian N. M. |
| 775 | 08|tLe soin de l'argilite / |w(CaOODSP)9.601022 |
| 830 | #0|aCCI notes ;|v12/1|w(CaOODSP)9.506353 |
| 856 | 40|ahttp://publications.gc.ca|qPDF|s124 KB|uhttps://publications.gc.ca/collections/collection_2011/pc-ch/NM95-57-12-1-2007-eng.pdf|y12/1 |